Walrasian and non-walrasian equilibria : an introduction to general equilibrium analysis /

Guardado en:
Autor Principal: Mukherji, Anjan.
Formato: Libro
Idioma:English
Publicado: Oxford : Clarendon, 1990.
Etiquetas: Agregar Etiqueta
Sin Etiquetas, Sea el primero en etiquetar este registro!
LEADER 00504nam a22001575a 4500
001 EEO.bibeco006607
003 AR-BaUEB
005 20110412134609.0
008 080718s1990####xxk###########000#0#eng#d
245 1 0 |a Walrasian and non-walrasian equilibria :  |b an introduction to general equilibrium analysis /  |c Anjan Mukherji. 
260 |a Oxford :  |b Clarendon,  |c 1990. 
300 |a 245 p. 
020 |a 0198772890 
100 1 |a Mukherji, Anjan. 
082 0 4 |a 339.5 
859 |a AR-BaUEB  |b BIB. ECONOMIA - General  |h 339.5  |i M897  |p e08569